| 000 | 00912 a2200169 4500 | ||
|---|---|---|---|
| 003 | Nust | ||
| 005 | 20221020192215.0 | ||
| 020 | _a9698040056 | ||
| 040 | _cNust | ||
| 082 | _a620.112,INT | ||
| 245 |
_aInternational seminar on Mechanical Behaviour of Materils _cPakistan Science Foundation Islamabad |
||
| 260 |
_aIslamabad _bScience Foundation _c1989 |
||
| 300 | _a719;p | ||
| 505 | _aDeformation And Fracture Of Materials (Page-3), Fatigue Fracture (Page-127), Crack Initiation-Short Cracks (Page-187), Metallorgraphic Aspects Of Fatigue (Page-225), Fracture Mechanics And Finite Element Programs (Page-273), Testing Methods And Applications (Page-377), Design Considerations (Page-489), Structural Assessment And Modeling (Page-553), Case Histories And Manufacturing Effects (Page-641), Proceeding, Inaugural And Closing Sessions (Page-703) | ||
| 650 |
_a Mechanical Behaviour _9101065 |
||
| 942 |
_2ddc _cBK |
||
| 999 |
_c182801 _d182801 |
||